| 000 | 00364nam a2200145Ia 4500 | ||
|---|---|---|---|
| 005 | 20251222140058.0 | ||
| 008 | 251222s1900||||xx |||||||||||||| ||spa|| | ||
| 020 | _a9788495269362 | ||
| 082 | _a780/N29 | ||
| 100 | _aNavarro SornĂ, Miguel | ||
| 245 | 0 | _aLaus Mea Dominus | |
| 250 | _a1ra. ed. | ||
| 264 | _bFacultad de TeologĂa San Vicente Ferrer | ||
| 942 | _cLIB | ||
| 999 |
_c3850 _d3850 |
||